| 000 | 01111nam a2200325Ia 4500 | ||
|---|---|---|---|
| 001 | dia_6191 | ||
| 003 | CHAP | ||
| 005 | 20251023151916.0 | ||
| 008 | 220117s1965 xx 000 0 und d | ||
| 010 | _a177405 | ||
| 040 | _cCHAP | ||
| 082 | _a664.94 P47 1965 | ||
| 245 |
_aEl pescado y las industrias derivadas de la pesca / _c edición G. H. O. Burgess...[et al.] ; traducción Venancio López Lorenzo y Andrés Marco Barrado |
||
| 260 |
_aEspaña : _b Acribia, _c1965 |
||
| 300 | _a392 p. | ||
| 500 | _aTitulo original: Fish handling and processing | ||
| 503 | _ac/e | ||
| 590 | _aTX612.F5 P47 1965 | ||
| 650 |
_a1.Peces _9161075 |
||
| 650 |
_aFish _9157834 |
||
| 650 |
_aFish products _xFood preservation _9161076 |
||
| 650 |
_aProductos de pescados _xPreservación de alimentos _9161077 |
||
| 700 |
_aBurgess, G. H. O. ed. _9161078 |
||
| 700 |
_aLópez Lorenzo, Venancio, tr. _9161079 |
||
| 700 |
_aMarco Barrado, Andrés, tr. _9161080 |
||
| 901 | _a664.94 P47 1965 | ||
| 902 | _aA | ||
| 905 | _a5232271965 sp anm 8222123322spa16 | ||
| 942 |
_cLIBRO _2ddc |
||
| 999 |
_c177405 _d177405 |
||